US Navy Cruisers CA's and CL's after the Washington Naval Treaty - Statistics

General Stats
  • This quiz has been taken 1,281 times
  • The average score is 58 of 124
Answer Stats
Hint Answer % Correct
CL-104 | CL-51 Atlanta
87%
CA-136 | CL/CA-29 Chicago
84%
CL-81 Houston
83%
CL/CA-30 Houston
82%
CL/CA-32 New Orleans
82%
CL-49 St Louis
81%
CL/CA-35 Indianapolis
79%
CL/CA-33 Portland
79%
CA-69 Boston
78%
CA-72 Pittsburgh
78%
CA-68 Baltimore
77%
CL-55 Cleveland
77%
CLAA-53 San Diego
76%
CA-38 San Francisco
76%
CA-140 | CA-150 Dallas
73%
CL-89 Miami
73%
CL-46 Phoenix
72%
CA-70 Canberra
69%
CL-58 Denver
67%
CA-135 Los Angeles
67%
CL/CA-36 Minneapolis
67%
CL/CA-25 Salt Lake City
67%
CA-75 | CL-113 | CL-50 Helena
66%
CL-41 Philadelphia
66%
CA-123 Albany
64%
CL-47 Boise
64%
CA-71 Quincy
64%
CA-134 Des Moines
62%
CL-52 | CLAA-119 Juneau
62%
CL-48 Honolulu
61%
CL/CA-24 Pensacola
61%
CL-40 Brooklyn
59%
CL-43 Nashville
59%
CL-110 | CL-84 | CL-99 Buffalo
58%
CA-74 Columbus
57%
CL/CA-28 Louisville
56%
CL-62 Birmingham
55%
CL/CA-31 Augusta
54%
CL-56 Columbia
53%
CL-60 Santa Fe
53%
CA-128 Kansas City
52%
CL-91 Oklahoma City
52%
CL-92 Little Rock
50%
CL-42 Savannah
50%
CL-66 Springfield
49%
CLAA-54 San Juan
48%
CGN-160 | CLGN-160 Long Beach
47%
CA-73 St Paul
47%
CL-45 Wichita
47%
CA-39 Quincy
46%
CLAA-96 Reno
46%
CA-137 Norfolk
45%
CA-124 Rochester
44%
CL-61 Tallahassee
44%
CLAA-98 Tucson
42%
CL-63 Mobile
41%
CL-82 Providence
41%
CA-129 Tulsa
41%
CLAA-95 Oakland
40%
CL-67 Topeka
40%
CL-90 Astoria
39%
CL-117 Cheyenne
39%
CLAA-121 Fresno
39%
CA-139 Salem
39%
CL-116 Tallahassee
39%
CA-125 | CL/CA-26 Northampton
38%
CL-80 Biloxi
37%
CL-100 | CL-108 | CL-88 Newark
37%
CA-37 Tuscaloosa
37%
CL-106 | CL-85 Fargo
36%
CL-44 | CL-64 Vincennes
36%
CL-79 Wilmington
36%
CL-111 Wilmington
35%
CL/CA-34 Astoria
34%
CL/CA-27 Chester
34%
CL-57 Montpelier
34%
CL-118 Chattanooga
33%
CA-132 Macon
32%
CA-130 Bremerton
31%
CA-148 Newport News
31%
CL-87 Duluth
30%
CA-133 Toledo
30%
CL-78 Dayton
29%
CL-93 Galveston
29%
CL-83 Manchester
28%
CL-114 | CL-145 Roanoke
28%
CA-138 Scranton
28%
CL-105 Dayton
27%
CLAA-97 Flint
27%
CL-86 Vicksburg
27%
CL-144 Worcester
27%
CLAA-120 Spokane
26%
CL-147 Gary
24%
CA-122 Oregon City
24%
CL-109 | CL-76 New Haven
22%
CL-59 Amsterdam
19%
CL-107 | CL-77 Huntington
19%
CL-101 Amsterdam
16%
CL-65 Pasadena
16%
CL-103 Wilkes-Barre
16%
CA-127 Bridgeport
15%
CL-102 Portsmouth
15%
CL-112 | CL-146 Vallejo
14%
CA-126 Cambridge
13%
CL-94 Youngstown
12%
CA-131 Fall River
10%
No matching quizzes found
Score Distribution
Percent of People with Each Score
Percentile by Number Answered
Your Score History
You have not taken this quiz